000
00215nam a2200085 4500
001
1255309
005
20251209114004.0
245
_a
EGE KIYILARINDAN ESKİ ZAMAN MASALLARI
_c
AHMET ÜNVER
260
_b
GÜNIŞIĞI YAYINLARI
999
_c
1255309
_d
1255309